00907nam a2200217 a 4500001001000000003000500010005001700015008004100032010001100073011001100084040000900095100004000104245017300144260004100317500006000358502011800418650001900536650003000555650003400585856007000619000111095CHAP20220329144158.0141202s2014 mx |sm |||||||spa d a107557 a108529 cCHAP1 aJuárez Zebadúa, Ubaldo Fermín10aReutilización de CIDR´s en ovejas de lana para inducir el restablecimiento de la actividad ovárica postpartoh[En línea]cpor Ubaldo Fermín Juárez Zebadúa. aChapingo, Méx. :bEl autor,c2014. aPara ver el contenido del material haga clic en la liga aTesis (Ing. Agr. Esp. en Zootecnia) -- UACH. Departamento de Enseñanza, Investigación y Servicio en Zootecnia14aCiclo estrual.14aGanado lanarxFecundidad.14aGanado lanarxReproducción. aFinding aiduhttp://10.13.5.2/tesis/sist111095.pdfzTeclea aquí